Order of the Phoenix Quiz Stats

 Plays Quiz Updated Nov 5, 2012

Score 0/47 Timer 07:00
2 Plays Today
Membership Member % Correct
Second OrderMolly Weasley (Survived)
95.9%
First OrderJames Potter (Killed by Lord Voldemort)
95.8%
First OrderLily Potter (Killed by Lord Voldemort)
95.5%
Second OrderArthur Weasley (Survived)
95.5%
First OrderAlbus Dumbledore (Killed by Severus Snape)
95.2%
Second OrderAlbus Dumbledore (Killed by Severus Snape)
95.1%
First OrderSirius Black (Killed by Bellatrix Lestrange)
94.6%
Second OrderSirius Black (Killed by Bellatrix Lestrange)
94.5%
Second OrderBill Weasley (Survived)
93.6%
Second OrderCharlie Weasley (Survived)
92.6%
First OrderRemus Lupin (Killed by Antonin Dolohov)
91.7%
Second OrderRemus Lupin (Killed by Antonin Dolohov)
91.5%
First OrderAberforth Dumbledore (Survived)
91.4%
Second OrderAberforth Dumbledore (Survived)
91.2%
First OrderSeverus Snape (Killed by Lord Voldemort)
88.6%
Second OrderSeverus Snape (Killed by Lord Voldemort)
88.6%
Second OrderNymphadora Tonks (Killed by Bellatrix Lestrange)
87%
First OrderFrank Longbottom (Tortured into insanity by Bellatrix Lestrange)
83%
First OrderAlice Longbottom (Tortured into insanity by Bellatrix Lestrange)
83%
First OrderAlastor Moody (Killed by Death Eaters)
80.9%
Second OrderAlastor Moody (Killed by Death Eaters)
80.7%
Second OrderKingsley Shacklebolt (Survived)
72.6%
First OrderMinerva McGonagall (Survived)
70.2%
Second OrderMinerva McGonagall (Survived)
70%
Membership Member % Correct
First OrderPeter Pettigrew (Defected, Killed)
69.2%
First OrderMundungus Fletcher (Presumed Survived)
60.8%
Second OrderMundungus Fletcher (Presumed Survived)
60.7%
First OrderRubeus Hagrid (Survived)
60.4%
Second OrderRubeus Hagrid (Survived)
60.3%
First OrderDedalus Diggle (Presumed Survived)
38.8%
Second OrderDedalus Diggle (Presumed Survived)
38.3%
First OrderEdgar Bones (Killed by Death Eaters)
36.5%
First OrderFabian Prewett (Killed by Death Eaters)
34.3%
First OrderGideon Prewett (Killed by Death Eaters)
34.2%
First OrderArabella Figg (Survived)
30.7%
First OrderElphias Doge (Presumed Survived)
30.7%
Second OrderArabella Figg (Survived)
30.6%
Second OrderElphias Doge (Presumed Survived)
30.5%
Second OrderHestia Jones (Presumed Survived)
27.7%
First OrderEmmeline Vance (Killed by Death Eaters)
24.5%
Second OrderEmmeline Vance (Killed by Death Eaters)
24.1%
First OrderMarlene McKinnon (Killed by Death Eaters)
21.6%
First OrderSturgis Podmore (Presumed Survived)
20.4%
Second OrderSturgis Podmore (Presumed Survived)
20.1%
First OrderDorcas Meadowes (Killed by Lord Voldemort)
13.6%
First OrderBenjy Fenwick (Killed by Death Eaters)
13.4%
First OrderCaradoc Dearborn (Presumed Killed)
13.3%

You're not logged in!

Compare scores with friends on all Sporcle quizzes.
OR
Log In

Show Comments

Extras

Top Quizzes Today


Score Distribution

Your Account Isn't Verified!

In order to create a playlist on Sporcle, you need to verify the email address you used during registration. Go to your Sporcle Settings to finish the process.

Report this User

Report this user for behavior that violates our Community Guidelines.

Details: